Data structures using c / (Record no. 187867)
[ view plain ]
| 000 -LEADER | |
|---|---|
| fixed length control field | 00967nam a2200301Ia 4500 |
| 005 - DATE AND TIME OF LATEST TRANSACTION | |
| control field | 20241107100145.0 |
| 008 - FIXED-LENGTH DATA ELEMENTS--GENERAL INFORMATION | |
| fixed length control field | 210716s2006 xx 000 0 und d |
| 020 ## - INTERNATIONAL STANDARD BOOK NUMBER | |
| International Standard Book Number | 9788131702291 |
| 040 ## - CATALOGING SOURCE | |
| Transcribing agency | AIMIT LIBRARY |
| 041 ## - LANGUAGE CODE | |
| Language code of text/sound track or separate title | eng |
| 082 ## - DEWEY DECIMAL CLASSIFICATION NUMBER | |
| Classification number | 005.73 |
| Edition number | 1 |
| Item number | TENA |
| 100 ## - MAIN ENTRY--PERSONAL NAME | |
| Personal name | Tenenbaum, Aaron M. |
| 9 (RLIN) | 45192 |
| 245 ## - TITLE STATEMENT | |
| Title | Data structures using c / |
| Statement of responsibility, etc. | By Aaron M. Tenenbaum, Yedidyah Langsam and Moshe J. Augenstein. |
| 250 ## - EDITION STATEMENT | |
| Edition statement | 1st ed. |
| 260 ## - PUBLICATION, DISTRIBUTION, ETC. | |
| Place of publication, distribution, etc. | New Delhi : |
| Name of publisher, distributor, etc. | Pearson Education , |
| Date of publication, distribution, etc. | 2006 . |
| 300 ## - PHYSICAL DESCRIPTION | |
| Extent | 656p. ; |
| Dimensions | 24.5 cm. |
| 650 ## - SUBJECT ADDED ENTRY--TOPICAL TERM | |
| Topical term or geographic name entry element | Storage management |
| 9 (RLIN) | 45193 |
| 650 ## - SUBJECT ADDED ENTRY--TOPICAL TERM | |
| Topical term or geographic name entry element | Graphs and their applications |
| 9 (RLIN) | 45199 |
| 650 ## - SUBJECT ADDED ENTRY--TOPICAL TERM | |
| Topical term or geographic name entry element | Recursion |
| 9 (RLIN) | 184419 |
| 650 ## - SUBJECT ADDED ENTRY--TOPICAL TERM | |
| Topical term or geographic name entry element | Queues and lists |
| 9 (RLIN) | 184420 |
| 650 ## - SUBJECT ADDED ENTRY--TOPICAL TERM | |
| Topical term or geographic name entry element | Trees |
| 9 (RLIN) | 184421 |
| 650 ## - SUBJECT ADDED ENTRY--TOPICAL TERM | |
| Topical term or geographic name entry element | Sorting |
| 9 (RLIN) | 184422 |
| 650 ## - SUBJECT ADDED ENTRY--TOPICAL TERM | |
| Topical term or geographic name entry element | Searching |
| 9 (RLIN) | 184423 |
| 650 ## - SUBJECT ADDED ENTRY--TOPICAL TERM | |
| Topical term or geographic name entry element | Graphs and their applications |
| 9 (RLIN) | 184424 |
| 700 ## - ADDED ENTRY--PERSONAL NAME | |
| Personal name | Langsam, Yedidyah. |
| 9 (RLIN) | 45200 |
| 700 ## - ADDED ENTRY--PERSONAL NAME | |
| Personal name | Augenstein, Moshe J. |
| 9 (RLIN) | 45201 |
| 942 ## - ADDED ENTRY ELEMENTS (KOHA) | |
| Source of classification or shelving scheme | Dewey Decimal Classification |
| Koha item type | Book |
| Edition | 1st |
| Call number prefix | 005.73 TENA |
| Withdrawn status | Lost status | Source of classification or shelving scheme | Damaged status | Not for loan | Collection code | Home library | Current library | Source of acquisition | Cost, normal purchase price | Inventory number | Total Checkouts | Full call number | Barcode | Date last seen | Cost, replacement price | Price effective from | Koha item type |
|---|---|---|---|---|---|---|---|---|---|---|---|---|---|---|---|---|---|
| Dewey Decimal Classification | MCA | St Aloysius Institute of Management & Information Technology | St Aloysius Institute of Management & Information Technology | Higginbothams Pvt Ltd | 225.00 | Bill no:7315; Bill dt:2007-02-13 | 005.73 TENA | MCA07374 | 05/23/2026 | 180.00 | 07/16/2021 | Book | |||||
| Dewey Decimal Classification | MCA | St Aloysius Institute of Management & Information Technology | St Aloysius Institute of Management & Information Technology | Higginbothams Pvt Ltd | 225.00 | Bill no:7315; Bill dt:2007-02-13 | 005.73 TENA | MCA07375 | 05/23/2026 | 191.25 | 07/16/2021 | Book | |||||
| Dewey Decimal Classification | MCA | St Aloysius Institute of Management & Information Technology | St Aloysius Institute of Management & Information Technology | Higginbothams Pvt Ltd | 250.00 | Bill no:7337; Bill dt:2007-02-27 | 005.73 TENA | MCA07381 | 05/23/2026 | 200.00 | 07/16/2021 | Book | |||||
| Dewey Decimal Classification | MCA | St Aloysius Institute of Management & Information Technology | St Aloysius Institute of Management & Information Technology | Athulya Books | 270.00 | Bno:ABK100;Billdt:2009-06-10 | 005.73 TENA | MCA09075 | 05/23/2026 | 216.00 | 07/16/2021 | Book | |||||
| Dewey Decimal Classification | MCA | St Aloysius Institute of Management & Information Technology | St Aloysius Institute of Management & Information Technology | Athulya Books | 270.00 | Bno:ABK100;Bdt:2009-06-10 | 005.73 TENA | MCA09076 | 05/23/2026 | 216.00 | 07/16/2021 | Book | |||||
| Dewey Decimal Classification | MCA | St Aloysius Institute of Management & Information Technology | St Aloysius Institute of Management & Information Technology | Athulya Books | 270.00 | Bno:ABK100;Bdt:2009-06-10 | 005.73 TENA | MCA09077 | 05/23/2026 | 216.00 | 07/16/2021 | Book | |||||
| Dewey Decimal Classification | MCA | St Aloysius Institute of Management & Information Technology | St Aloysius Institute of Management & Information Technology | Athulya Books | 270.00 | Bno:ABK100;Bdt:2009-06-10 | 005.73 TENA | MCA09078 | 05/23/2026 | 216.00 | 07/16/2021 | Book | |||||
| Dewey Decimal Classification | MCA | St Aloysius Institute of Management & Information Technology | St Aloysius Institute of Management & Information Technology | Athulya Books | 270.00 | Bno:ABK100; Bdt:2009-06-10 | 005.73 TENA | MCA09079 | 05/23/2026 | 216.00 | 07/16/2021 | Book | |||||
| Dewey Decimal Classification | MCA | St Aloysius Institute of Management & Information Technology | St Aloysius Institute of Management & Information Technology | Higginbothams Pvt Ltd | 350.00 | Bill no:1125; Bill dt:2011-02-23 | 005.73 TENA | MCA10736 | 05/23/2026 | 262.50 | 07/16/2021 | Book | |||||
| Dewey Decimal Classification | MCA | St Aloysius Institute of Management & Information Technology | St Aloysius Institute of Management & Information Technology | Higginbothams Pvt Ltd | 350.00 | Bill no:1125; Bill dt:2011-02-23 | 005.73 TENA | MCA10737 | 05/23/2026 | 262.50 | 07/16/2021 | Book |